=LDR 00000nam 2200000 4500 =001 NUTBA000000000003067 =005 20140718105648.0 =006 =007 =008 =035 ##$$a 0010-071400000000255 =040 ##$$a NBPDMAT =082 ##$$a 616.73 =090 ##$$a 616.73$bCok d =100 ##$$a Cokorda G>B. Mahadewa =245 ##$$a Diagnosis dan tatalaksana kegawat daruratan tulang belakang$buntuk mahasiswa, paramedias, dokter umum dan dokter residen$cTjokorda G. B. Mahadewa =260 ##$$a Jakarta$bSagung seto$c2009. =300 ##$$a 244 hlm4bilus$c23 cm. =650 ##$$a Diagnosis =850 ##$$a NBPDMAT =990 ##$$a 21300240 =990 ##$$a 21400613/BPAP-NTB/20142014 =990 ##$$a 03560356 =990 ##$$a 1202000356 =990 ##$$a 21400613/BPAP-NTB/20142014